Mental spaces: aspects of meaning construction in natural language

Uloženo v:
Podrobná bibliografie
Hlavní autor: Fauconnier, Gilles (Autor)
Médium: Kniha
Jazyk:angličtina
Vydáno: Cambridge Cambridge University Press 1994
Témata:
Tagy: Přidat tag
Žádné tagy, Buďte první, kdo vytvoří štítek k tomuto záznamu!

MARC

LEADER 00000nam a2200000 a 4500
001 UCZ1528
003 CL-VaPUC
008 950824e19940000UK |||||||||||||||||eng|d
082 0 4 |a 401  |b FAU  |2 21 
100 0 |a Fauconnier, Gilles  |e author  |9 345087 
245 1 0 |a Mental spaces: aspects of meaning construction in natural language 
300 |a 190 p 
942 |c BK 
945 |d 19950824 00:00:00  |a rbrito 
260 |a Cambridge  |b Cambridge University Press  |c 1994 
650 0 |a Semántica  |9 265318 
650 0 |a Aspectos filosóficos   |9 265456 
650 7 |a GRAMATICA COGNITIVA  |2 CL-VaPUC  |9 345088 
583 |a last modification  |c 20120904 08:56:49  |k Rodrigo Vera 
999 |c 238267  |d 238265 
952 |0 0  |1 0  |4 0  |6 401_000000000000000_FAU_1994  |7 0  |8 A  |9 248306  |a FDOPOS  |b FDOPOS  |d 2019-11-18  |i 3125807  |o 401 FAU 1994  |p 3125807  |r 2025-01-22  |w 2019-11-18  |y BK  |k MLA 
952 |0 0  |1 0  |4 0  |6 401_000000000000000_FAU_1994  |7 0  |8 A  |9 248307  |a FDOPOS  |b FDOPOS  |d 2019-11-18  |i 3719049  |o 401 FAU 1994  |p 3719049  |r 2025-01-22  |w 2019-11-18  |y BK  |k MLA